London Underground Stations Closest to London Bridge - Statistics

General Stats
  • This quiz has been taken 205 times
  • The average score is 4 of 5
Answer Stats
Answer % Correct
Bank / Monument
90%
Borough
85%
Cannon Street
67%
Tower Hill
65%
Mansion House
55%
No matching quizzes found
Score Distribution
Percent of People with Each Score
Percentile by Number Answered
Your Score History
You have not taken this quiz